00886cam a2200241 i 4500001000700000003000400007005001700011008004100028010001700069020001500086040001800101043001200119050002200131082001700153100003100170245017600201260010300377300002600480500002000506650005000526651002500576710004300601846548OSt20230619100848.0780223s1978 dcu b f001 0 eng  a 78001915  a0844402621 aDLCcDLCdDLC af-ke---00aZ3587b.H68aJ73100a015/.67bHOW1 aHowell, John Bruce,d1941-10aKenya :bsubject guide to official publications /ccompiled by John Bruce Howell, African Section, General Reference and Bibliography Division, Reader Services Department. aWashington :bLibrary of Congress ; for sale by the Supt. of Docs., U.S. Govt. Print. Off.,c1978. axix, 423 p. ;c27 cm. aIncludes index. 0aGovernment publicationszKenyaxBibliography. 0aKenyaxBibliography.2 aLibrary of Congress.bAfrican Section.